| 000 | 01696cam a22004217a 4500 | ||
|---|---|---|---|
| 001 | 2380 | ||
| 003 | FISKH | ||
| 005 | 20240126122147.0 | ||
| 008 | 140911r20092005enka j 001 0 eng | ||
| 010 | _a 2014432701 | ||
| 015 |
_aGBA904576 _2bnb |
||
| 016 | 7 |
_a014877894 _2Uk |
|
| 020 | _a9781407109671 (pbk.) | ||
| 020 | _a9781407104195 | ||
| 020 | _a1407109677 (pbk.) | ||
| 035 | _a(OCoLC)ocn298599363 | ||
| 040 |
_aUKM _beng _cUKM _dBTCTA _dYDXCP _dOCLCQ _dOCLCF _dDLC |
||
| 042 | _alccopycat | ||
| 050 | 0 | 0 |
_aDA480 _b.D43 2009 |
| 082 | 0 | 4 |
_a941.07 _222 |
| 100 | 1 | _aDeary, Terry | |
| 245 | 1 | 4 |
_aThe gorgeous Georgians / _cTerry Deary ; illustrated by Martin Brown. |
| 250 | _aThis edition published 2007 | ||
| 260 |
_aLondon : _bScholastic, _c1998 |
||
| 300 |
_a139 pages : _billustrations ; _c20 cm |
||
| 490 | 1 | _aHorrible histories collections | |
| 500 | _aIncludes index. | ||
| 520 | _aLearn all about the Gorgeous Georgians, like their sneaky schemes for hiding personal hygiene problems and the schoolchildren who went to war with their teachers! With a bold, accessible new look and revised by the author. | ||
| 651 | 0 |
_aGreat Britain _xHistory _y18th century _vJuvenile literature. |
|
| 651 | 0 |
_aGreat Britain _xHistory _yVictoria, 1837-1901 _vJuvenile literature. |
|
| 651 | 0 |
_aGreat Britain _xSocial conditions _y18th century _vJuvenile literature. |
|
| 651 | 0 |
_aGreat Britain _xSocial conditions _y19th century _vJuvenile literature. |
|
| 700 | 1 |
_aBrown, Martin _d1959- _eillustrator |
|
| 830 | 0 | _aHorrible histories collections. | |
| 906 |
_a7 _bcbc _ccopycat _d3 _encip _f20 _gy-gencatlg |
||
| 942 |
_2ddc _cBK _n0 |
||
| 999 |
_c2380 _d2380 |
||